| 000 | 00665nam a22002057a 4500 | ||
|---|---|---|---|
| 005 | 20150928110601.0 | ||
| 010 | _aENG-113658 | ||
| 020 |
_a9788189430114 _c225.00 |
||
| 035 | _aEN-97190 | ||
| 037 | _bDBAD/PUB | ||
| 082 | _a230.42 | ||
| 100 | _aKriyananda, Swami | ||
| 245 |
_aAwaken to superconsciousness : _cby Swami Kriyananda _bhow to use meditation for inner peace, intuitive guidance, and greater awareness / |
||
| 250 | _a2nd ed | ||
| 260 |
_aGurgaon _bAnanda Sangha Publications _c2013(repr.) |
||
| 270 |
_bGurgaon _aB-10/8, DLF Phase- I |
||
| 300 |
_a272p. _c21cm(pbk) |
||
| 500 | _aIncludes index | ||
| 942 |
_2ddc _cEN _mKRI _h230.42 |
||
| 999 |
_c95219 _d95219 |
||